| 000 | 00665nam a2200253Ia 4500 | ||
|---|---|---|---|
| 003 | OSt | ||
| 005 | 20220924130715.0 | ||
| 006 | a|||||r|||| 00| 0 | ||
| 007 | ta | ||
| 008 | 220923b |||||||| |||| 00| 0 ara d | ||
| 024 | _a344150 | ||
| 037 | _cTextual | ||
| 040 |
_aARTS _cARTS _bara |
||
| 041 |
_2ara _aara |
||
| 082 | _aR, 28L1 | ||
| 100 |
_aGhorab Saad Au. _9200584 |
||
| 245 | 0 | _aRisalatna fi-al-mantaq | |
| 260 |
_aToos _bAl-dirasat-al-islamia Iran _c1971 |
||
| 300 |
_a136p. _ccm. |
||
| 650 | _a PHILOSOPHY | ||
| 650 |
_aARABIC LANGUAGE _931794 |
||
| 942 |
_hR, 28L1 _cTEXL _2CC |
||
| 999 |
_c425238 _d425238 |
||